000 00689cam a22002413a 4500
001 19751
003 PGUSA
005 20140828083422.0
008 061110s2006||||xxu|||||s|||||000 1 eng d
040 _aPGUSA
_beng
042 _adc
050 4 _aPR
100 1 _aQuiller-Couch, Arthur,
_d1863-1944
245 1 4 _aThe Mayor of Troy
_h[electronic resource] /
_cArthur Quiller-Couch
260 _bProject Gutenberg,
_c2006
506 _aPublic domain in the USA.
516 _aElectronic text
653 _aCornwall (England : County) -- Fiction
653 _aMayors -- Fiction
830 0 _aProject Gutenberg
_v19751
856 4 0 _uhttp://www.gutenberg.org/ebooks/19751
942 _cEB
999 _c249006
_d249006